000 01171nam0a2200349 4500
001 RU\NLR\bibl\541209
005 20250609153829.0
010 _a5-8033-0155-35-8033-0155-3
_910000
021 _aRU
_b2004-12629
_9645
035 _aRSL-KNO-002413331
035 _a(NLR Aleph) 000533453
090 _a1367796
_c1367796
100 _a20040323d2004 |||y0rusy50 ca
101 0 _arus
_ascr
102 _aRU
_aGB
105 _aa |||||||||
106 _ar
200 1 _aХорватский разговорник и словарь
210 _aМ.
_cЖивой язык
_a[London]
_cBerlitz Publishing Company, Inc.
_d2004
_eГУП Смол. полигр. комб.
215 _a224 с.
_cцв. ил., карт.
_d14
225 1 _aBerlitz
606 0 _aРусский язык
_xРазговорники
_xСербскохорватский язык
_91557935
_3RU\NLR\auth\66981629
686 _aШ141.64-933.1
_2rubbk
686 _aШ141.12-498.1
686 _aШ141.64-498.2
801 0 _aRU
_bRuMoRKP
_c20040323
_gPSBO
801 1 _aRU
_bRuMoRKP
_c20040323
801 2 _aRU
_bNLR
_c20040720
_gPSBO
942 _cBOOK
980 _aNB